[Event "Rated Blitz tournament spring21"]
[Site "?"]
[Date "2021.04.10"]
[Round "?"]
[White "Panesso"]
[Black "vovaches"]
[Result "1-0"]
[WhiteElo "2463"]
[BlackElo "2516"]
[PlyCount "165"]
[EventDate "2021.??.??"]
[EventType "blitz"]

1. e4 e5 2. Nf3 d5 3. Nxe5 Bd6 4. d4 dxe4 5. Be2 Bxe5 6. dxe5 Qxd1+ 7. Bxd1 Nc6
8. Nc3 Bf5 9. g4 Bg6 10. Bf4 O-O-O 11. O-O Nge7 12. Re1 Nd5 13. Nxd5 Rxd5 14.
e6 fxe6 15. c3 Rf8 16. Be3 Ne5 17. Kg2 Nf3 18. Re2 h5 19. h3 hxg4 20. hxg4 Rh8
21. Bb3 Rd6 22. Rh1 Rxh1 23. Kxh1 Kd7 24. Bc5 Rd3 25. Be3 b6 26. Kg2 Ne5 27.
Kg3 Nf3 28. Bc2 Ne5 29. Bxd3 exd3 30. Re1 Nc4 31. b3 Na3 32. Bd2 c5 33. f4 Nb5
34. Re5 Nd6 35. Rg5 Ne4+ 36. Kf3 Nxg5+ 37. fxg5 Kd6 38. c4 Ke5 39. Bc3+ Kd6 40.
Bxg7 e5 41. Ke3 Ke6 42. Bf6 e4 43. a4 Kd6 44. Bg7 Kc6 45. Be5 a6 46. Bb8 b5 47.
Be5 bxc4 48. bxc4 Bf7 49. Bc3 Bxc4 50. Kxe4 Kd6 51. a5 Ke6 52. g6 Ke7 53. g5
Kf8 54. Ke3 Bb5 55. g7+ Kg8 56. g6 c4 57. Be5 Bd7 58. Kd2 Be6 59. Kc3 Bd5 60.
Bd4 Be6 61. Kb2 Bd5 62. Bc3 Be6 63. Ka3 Bd5 64. Kb4 Be6 65. Kc5 Bf5 66. Kb6
Bxg6 67. Kxa6 d2 68. Bxd2 Bd3 69. Bc3 Be4 70. Kb6 Bf3 71. a6 Bg2 72. a7 Bf3 73.
Kc7 Be4 74. Kb8 Bd5 75. a8=Q Bxa8 76. Kxa8 Kf7 77. Kb7 Kg8 78. Kc6 Kf7 79. Kc5
Kg8 80. Kxc4 Kf7 81. Kd5 Kg8 82. Ke6 Kh7 83. Kf7 {Normal} 1-0

[Event "Rated Blitz tournament spring21"]
[Site "?"]
[Date "2021.04.10"]
[Round "?"]
[White "Kastorcito"]
[Black "Artem_0degov"]
[Result "1-0"]
[WhiteElo "2616"]
[BlackElo "2531"]
[PlyCount "73"]
[EventDate "2021.??.??"]
[EventType "blitz"]

1. e4 e5 2. Nf3 d5 3. exd5 e4 4. Qe2 Nf6 5. d3 Bb4+ 6. c3 O-O 7. dxe4 Bd6 8.
Bg5 Re8 9. Nbd2 Nbd7 10. O-O-O h6 11. Bxf6 Qxf6 12. g3 Nc5 13. Bg2 Bg4 14. h3
Bh5 15. Rhe1 b5 16. Qxb5 Rab8 17. Qc4 Bg6 18. Re3 Qd8 19. e5 Bf8 20. Nb3 Nxb3+
21. axb3 Qd7 22. e6 Qe7 23. Ne5 Qg5 24. f4 Qf5 25. Be4 Qf6 26. Bxg6 fxg6 27.
Nd7 Qe7 28. Nxb8 Rxb8 29. Rde1 Kh7 30. Kc2 a5 31. g4 Qf6 32. Qe4 Qe7 33. f5
gxf5 34. gxf5 Kh8 35. Rf3 Qf6 36. Rg1 a4 37. bxa4 {Normal} 1-0

[Event "Rated Blitz tournament spring21"]
[Site "?"]
[Date "2021.04.10"]
[Round "?"]
[White "Micha2325"]
[Black "vovaches"]
[Result "0-1"]
[WhiteElo "2304"]
[BlackElo "2523"]
[PlyCount "34"]
[EventDate "2021.??.??"]
[EventType "blitz"]

1. e4 e5 2. Nf3 d5 3. exd5 e4 4. Nd4 Qxd5 5. Nb3 Nf6 6. d4 exd3 7. Bxd3 Qxg2 8.
Qe2+ Be7 9. Rf1 O-O 10. Nc3 Bb4 11. Be3 Nd5 12. O-O-O Nxc3 13. bxc3 Bxc3 14.
Bc5 Qg5+ 15. f4 Qd8 16. Bxf8 Qxf8 17. Qe4 Qa3+ {Normal} 0-1

[Event "Rated Blitz game"]
[Site "?"]
[Date "2021.04.10"]
[Round "?"]
[White "sodel"]
[Black "anjaya01"]
[Result "0-1"]
[WhiteElo "2321"]
[BlackElo "2425"]
[PlyCount "112"]
[EventDate "2021.??.??"]
[EventType "blitz"]

1. e4 e5 2. Nf3 d5 3. Nxe5 Bd6 4. d4 dxe4 5. Nc4 f5 6. Nxd6+ Qxd6 7. c4 Nf6 8.
Be2 O-O 9. O-O b6 10. Nc3 Bb7 11. f3 c5 12. fxe4 fxe4 13. Be3 cxd4 14. Qxd4 Qe7
15. Nd5 Bxd5 16. cxd5 Nbd7 17. d6 Qe5 18. Qxe5 Nxe5 19. Rfd1 Rfd8 20. Bf4 Ng6
21. Bg3 Rac8 22. Rac1 h5 23. h3 h4 24. Bh2 Kh7 25. Rxc8 Rxc8 26. d7 Rd8 27. Bb5
Nf8 28. Bc7 Rxd7 29. Bxd7 N8xd7 30. Bd8 Kg6 31. Bxf6 Nxf6 32. Kf2 Kf5 33. Rd8
Kf4 34. Ra8 a5 35. Rb8 Nd5 36. Rf8+ Ke5 37. a3 g5 38. b3 Kd4 39. Rf5 e3+ 40.
Ke2 Nf4+ 41. Kf3 Kd3 42. Rxg5 e2 43. Kf2 Kd2 44. Re5 Nd3+ 45. Kf3 Nxe5+ 46. Kf4
e1=Q 47. g4 Qg3+ 48. Kg5 Qxh3 49. Kf5 Qxg4+ 50. Kxe5 h3 51. Kd6 h2 52. Kc6
h1=Q+ 53. Kxb6 Qa8 54. Kb5 Qb8+ 55. Kxa5 Qg1 56. b4 Qga7# {Normal} 0-1

[Event "Rated Blitz game"]
[Site "?"]
[Date "2021.04.10"]
[Round "?"]
[White "Toga_Felix"]
[Black "anjaya01"]
[Result "0-1"]
[WhiteElo "2357"]
[BlackElo "2419"]
[PlyCount "118"]
[EventDate "2021.??.??"]
[EventType "blitz"]

1. e4 e5 2. Nf3 d5 3. Nxe5 Bd6 4. d4 dxe4 5. Nc4 f5 6. Nxd6+ Qxd6 7. c4 Nc6 8.
d5 Ne5 9. Qb3 Nf6 10. Nc3 a6 11. Be3 b6 12. O-O-O Bd7 13. h3 h6 14. Be2 g5 15.
g3 Kf7 16. h4 Nfg4 17. hxg5 Nxe3 18. fxe3 hxg5 19. g4 Qc5 20. Kd2 Rae8 21. gxf5
Nf3+ 22. Bxf3 exf3 23. Ne4 Rxe4 24. Rxh8 g4 25. Rh7+ Ke8 26. Qc3 Qa5 27. Kd3
Qxc3+ 28. Kxc3 Bxf5 29. Rg7 Rxe3+ 30. Kd4 Re4+ 31. Kc3 f2 32. Rf1 Re3+ 33. Kd4
Rf3 34. Ke5 g3 35. Rxg3 Rxg3 36. Kxf5 Rf3+ 37. Ke4 Rf7 38. Ke3 Kd7 39. Rxf2 Rh7
40. Rf3 Kd6 41. b3 Kc5 42. Kf4 Rf7+ 43. Ke4 Re7+ 44. Kd3 Kb4 45. Rf6 Ka3 46. d6
cxd6 47. Rxd6 Rb7 48. Kc3 Kxa2 49. Rd1 b5 50. c5 b4+ 51. Kc4 Kb2 52. Rd2+ Kc1
53. Rh2 Rf7 54. c6 Rf4+ 55. Kc5 Rf5+ 56. Kb6 Rf6 57. Rh1+ Kb2 58. Rh3 Ka3 59.
Kb7 Rxc6 {Time forfeit} 0-1

[Event "Rated Blitz tournament spring21"]
[Site "?"]
[Date "2021.04.10"]
[Round "?"]
[White "Micha2325"]
[Black "Artem_0degov"]
[Result "0-1"]
[WhiteElo "2335"]
[BlackElo "2528"]
[PlyCount "86"]
[EventDate "2021.??.??"]
[EventType "blitz"]

1. e4 e5 2. Nf3 d5 3. exd5 e4 4. Nd4 Qxd5 5. Nb3 Nc6 6. d4 exd3 7. Bxd3 Qxg2 8.
Qe2+ Be7 9. Be4 Qh3 10. Nc3 Nf6 11. Bg5 O-O 12. O-O-O Nxe4 13. Nxe4 Bxg5+ 14.
Nxg5 Qf5 15. Rhg1 h6 16. Nf3 Be6 17. Nfd4 Nxd4 18. Nxd4 Qf4+ 19. Kb1 Rfe8 20.
Qf1 Rad8 21. Qg2 g6 22. Nxe6 Rxd1+ 23. Rxd1 Rxe6 24. Qxb7 Qxf2 25. Qxc7 Re1 26.
Qd7 Qe2 27. Kc1 Rxd1+ 28. Qxd1 Qxh2 29. Qd8+ Kg7 30. Qd4+ Kh7 31. Qxa7 Qf4+ 32.
Kd1 h5 33. a4 h4 34. a5 h3 35. Qg1 h2 36. Qg2 Qd4+ 37. Ke2 Qg1 38. Qh3+ Kg8 39.
Qc8+ Kg7 40. Qc3+ Kh6 41. Qh3+ Kg5 42. Qd3 Qg2+ 43. Ke3 Qg3+ {Normal} 0-1

[Event "Rated Blitz game"]
[Site "?"]
[Date "2021.04.09"]
[Round "?"]
[White "DMKey"]
[Black "King_bg03"]
[Result "1-0"]
[WhiteElo "2524"]
[BlackElo "2572"]
[PlyCount "123"]
[EventDate "2021.??.??"]
[EventType "blitz"]

1. e4 e5 2. Nf3 d5 3. d4 exd4 4. Qxd4 Nf6 5. Nc3 Nc6 6. Bb5 a6 7. Bxc6+ bxc6 8.
exd5 cxd5 9. Bg5 Be7 10. O-O-O Be6 11. Rhe1 O-O 12. Ne5 c5 13. Qa4 Kh8 14. Nc6
Qd7 15. Nxe7 Qxe7 16. Nxd5 Nxd5 17. Bxe7 Nxe7 18. f4 Nf5 19. g4 Nd4 20. f5 Bc8
21. Rxd4 cxd4 22. Qxd4 f6 23. g5 Bxf5 24. Re7 Rac8 25. c3 Rcd8 26. Qe3 fxg5 27.
Qe5 Rf6 28. Rxg7 Kxg7 29. Qe7+ Kg6 30. Qxd8 Be4 31. Qe8+ Kf5 32. Qd7+ Kf4 33.
Qc7+ Kg4 34. b4 Rf4 35. Qc8+ Kf3 36. Qxa6 Kg2 37. Qe2+ Kg1 38. Qe3+ Kxh2 39. b5
h5 40. b6 h4 41. a4 h3 42. a5 Kg2 43. Qe2+ Kg1 44. Qe3+ Kg2 45. Qe2+ Kg3 46.
Qe3+ Bf3 47. Qg1+ Bg2 48. Qe1+ Kf3 49. Qd1+ Kg3 50. Qe1+ Kg4 51. Qe2+ Rf3 52.
b7 Bf1 53. Qxf3+ Kxf3 54. b8=Q g4 55. Qh2 g3 56. Qh1+ g2 57. Qh2 Kf2 58. Qxh3
g1=Q 59. Qf5+ Kg2 60. Qg4+ Kh1 61. Qxg1+ Kxg1 62. a6 {Time forfeit} 1-0

[Event "Rated Blitz tournament BL4jA8rX"]
[Site "?"]
[Date "2021.04.09"]
[Round "?"]
[White "Sunset_Boulevard"]
[Black "om_gendut"]
[Result "1/2-1/2"]
[WhiteElo "2541"]
[BlackElo "2457"]
[PlyCount "56"]
[EventDate "2021.??.??"]
[EventType "blitz"]

1. e4 e5 2. Nf3 d5 3. exd5 e4 4. Ne5 Qxd5 5. d4 exd3 6. Nxd3 Nf6 7. Nc3 Qe6+ 8.
Be2 Bd6 9. O-O O-O 10. Bf4 Nc6 11. Bxd6 Qxd6 12. Bf3 Nd4 13. Ne4 Nxf3+ 14. Qxf3
Nxe4 15. Qxe4 Bd7 16. Qe5 Qxe5 17. Nxe5 Be6 18. b3 Rad8 19. Rad1 f6 20. Nf3 Bg4
21. Rfe1 Bxf3 22. gxf3 Kf7 23. Kf1 Rxd1 24. Rxd1 Ke7 25. Re1+ Kf7 26. Rd1 Ke7
27. Re1+ Kf7 28. Rd1 Ke7 {Normal} 1/2-1/2

[Event "Rated Blitz game"]
[Site "?"]
[Date "2021.04.09"]
[Round "?"]
[White "morischwilli"]
[Black "Melladov"]
[Result "0-1"]
[WhiteElo "2539"]
[BlackElo "2641"]
[PlyCount "57"]
[EventDate "2021.??.??"]
[EventType "blitz"]

1. e4 e5 2. Nf3 d5 3. d4 dxe4 4. Nxe5 Bd6 5. Bf4 Nf6 6. Be2 O-O 7. O-O Nc6 8.
Nc3 Qe7 9. Nxc6 bxc6 10. Bg5 Rb8 11. Rb1 Rd8 12. Bxf6 Qxf6 13. Nxe4 Bxh2+ 14.
Kxh2 Qh4+ 15. Kg1 Qxe4 16. c3 c5 17. Bf3 Qg6 18. Qa4 Bf5 19. Rbe1 cxd4 20. cxd4
Bd3 21. Be2 Be4 22. f3 Bc6 23. Qxa7 Rxb2 24. Qxc7 Re8 25. Rf2 Rxa2 26. Kf1 h5
27. Qf4 Bb5 28. Bxb5 Rxe1+ 29. Kxe1 {Normal} 0-1

[Event "Rated Blitz tournament BL4jA8rX"]
[Site "?"]
[Date "2021.04.09"]
[Round "?"]
[White "sapber"]
[Black "YSA_kbpl"]
[Result "1-0"]
[WhiteElo "2453"]
[BlackElo "2426"]
[PlyCount "53"]
[EventDate "2021.??.??"]
[EventType "blitz"]

1. e4 e5 2. Nf3 d5 3. Nxe5 dxe4 4. Bc4 Nh6 5. d4 Nd7 6. Bf4 Nxe5 7. Bxe5 Ng4 8.
Bg3 Bd6 9. Nc3 O-O 10. Qe2 c6 11. O-O-O Bf5 12. Nxe4 Bxg3 13. Nxg3 Bd7 14. Rhe1
Nf6 15. Bb3 a5 16. a3 b5 17. Qe7 Qb8 18. d5 Re8 19. Qc5 Qf4+ 20. Kb1 a4 21. Ba2
cxd5 22. Re3 Ne4 23. Nxe4 Rxe4 24. Qxd5 Rae8 25. Rxe4 Qxe4 26. Qxf7+ Kh8 27.
Qxd7 {Time forfeit} 1-0

[Event "Rated Blitz game"]
[Site "?"]
[Date "2021.04.09"]
[Round "?"]
[White "kkpartizan"]
[Black "KamranShirazi"]
[Result "0-1"]
[WhiteElo "2467"]
[BlackElo "2507"]
[PlyCount "42"]
[EventDate "2021.??.??"]
[EventType "blitz"]

1. e4 e5 2. Nf3 d5 3. exd5 e4 4. Qe2 Nf6 5. Nc3 Be7 6. Nxe4 Nxd5 7. d3 O-O 8.
Be3 f5 9. Ned2 Bf6 10. O-O-O Re8 11. g3 f4 12. gxf4 Nxf4 13. Qe1 Qd5 14. Kb1
Nc6 15. Rg1 Nb4 16. b3 Qa5 17. a4 b5 18. Ne4 Rxe4 19. dxe4 bxa4 20. c3 axb3 21.
Qd2 Nc2 {Time forfeit} 0-1

[Event "Rated Blitz game"]
[Site "?"]
[Date "2021.04.09"]
[Round "?"]
[White "Arencibia"]
[Black "jflup"]
[Result "0-1"]
[WhiteElo "2440"]
[BlackElo "2457"]
[PlyCount "28"]
[EventDate "2021.??.??"]
[EventType "blitz"]

1. e4 e5 2. Nf3 d5 3. Nxe5 Bd6 4. d4 dxe4 5. Nc3 Nf6 6. Bg5 Bf5 7. Bc4 O-O 8.
O-O Nc6 9. Nxc6 bxc6 10. f3 e3 11. Bxe3 Nd5 12. Nxd5 cxd5 13. Bd3 Qh4 14. h3
Bxh3 {Normal} 0-1

[Event "Rated Blitz tournament BL4jA8rX"]
[Site "?"]
[Date "2021.04.09"]
[Round "?"]
[White "kontraJako"]
[Black "PVP_MACTEP"]
[Result "1-0"]
[WhiteElo "2791"]
[BlackElo "2411"]
[PlyCount "129"]
[EventDate "2021.??.??"]
[EventType "blitz"]

1. e4 e5 2. Nf3 d5 3. d3 Nc6 4. Nbd2 Bc5 5. Be2 Nf6 6. O-O O-O 7. c3 h6 8. b4
Bb6 9. b5 Ne7 10. Ba3 Re8 11. c4 dxe4 12. dxe4 Ng6 13. c5 Ba5 14. Qc2 c6 15.
bxc6 bxc6 16. Rad1 Qe7 17. Nc4 Bc7 18. Nd6 Rd8 19. Bc4 Be6 20. Rd2 Rd7 21. Rfd1
Rad8 22. h3 Nf4 23. Nxe5 Bxc4 24. Nxd7 Nxd7 25. Qxc4 Ne5 26. Qc3 Qg5 27. Qg3
Qf6 28. Bb2 Bxd6 29. Rxd6 Rxd6 30. Rxd6 Ne2+ 31. Kh2 Nxg3 32. Rxf6 Nf1+ 33. Kg1
gxf6 34. Bxe5 Nd2 35. Bxf6 Nxe4 36. Bd4 Kf8 37. f3 Nd2 38. Kf2 Nc4 39. Ke2 Ke7
40. Kd3 Na5 41. Be3 h5 42. g4 hxg4 43. fxg4 Ke6 44. h4 Nb7 45. Ke4 Nd8 46. h5
f6 47. g5 fxg5 48. Bxg5 Nf7 49. Bf4 Kf6 50. Be3 Nd8 51. h6 Ne6 52. h7 Kg7 53.
Ke5 Nd8 54. Kd6 Kxh7 55. Kd7 Nf7 56. Kxc6 Ne5+ 57. Kd5 Nd3 58. c6 Nb4+ 59. Kd6
Nxc6 60. Kxc6 Kg6 61. Bxa7 Kf7 62. Bb8 Ke6 63. a4 Ke7 64. a5 Ke6 65. a6 {Normal
} 1-0

[Event "Rated Blitz tournament BL4jA8rX"]
[Site "?"]
[Date "2021.04.09"]
[Round "?"]
[White "dr_xStranger"]
[Black "YSA_kbpl"]
[Result "1-0"]
[WhiteElo "2526"]
[BlackElo "2422"]
[PlyCount "121"]
[EventDate "2021.??.??"]
[EventType "blitz"]

1. e4 e5 2. Nf3 d5 3. exd5 e4 4. Qe2 Nf6 5. Nc3 Be7 6. Nxe4 Nxe4 7. Qxe4 O-O 8.
Bd3 g6 9. O-O Nd7 10. b3 Nf6 11. Qd4 Qxd5 12. Bb2 Qxd4 13. Bxd4 Bg4 14. Rfe1
Bd8 15. Ne5 Be6 16. f3 Be7 17. Kh1 Rfd8 18. Bc3 a6 19. Bc4 Nd5 20. Bxd5 Rxd5
21. Nd3 Bd6 22. h3 b5 23. Nf2 Bg3 24. Ne4 Bxe1 25. Nf6+ Kf8 26. Nxd5 Bxd5 27.
Rxe1 c5 28. Bf6 Be6 29. c3 Ra7 30. d4 cxd4 31. cxd4 Rd7 32. Rc1 Ra7 33. d5 Bd7
34. d6 Ke8 35. Kg1 Be6 36. Rc6 Kd7 37. Rb6 Bd5 38. Kf2 Bb7 39. Bd4 Bd5 40. Rxb5
axb5 41. Bxa7 Kxd6 42. Bd4 Be6 43. a4 Bxb3 44. axb5 Bc4 45. b6 Kc6 46. Ke3 Bf1
47. Kf2 Bc4 48. h4 f5 49. Ke3 h6 50. Kf4 Bf1 51. g3 Be2 52. Bg7 h5 53. Bd4 Bd1
54. Be3 Be2 55. Kg5 Bxf3 56. Kxg6 Bg4 57. Kg5 Kb7 58. Kf4 Kc6 59. Ke5 Kb7 60.
Bf4 Bf3 61. Kd4 {Time forfeit} 1-0

[Event "Rated Blitz tournament BL4jA8rX"]
[Site "?"]
[Date "2021.04.09"]
[Round "?"]
[White "DaniellaQueen"]
[Black "om_gendut"]
[Result "0-1"]
[WhiteElo "2417"]
[BlackElo "2421"]
[PlyCount "68"]
[EventDate "2021.??.??"]
[EventType "blitz"]

1. e4 e5 2. Nf3 d5 3. Nc3 dxe4 4. Nxe4 Nf6 5. Nxf6+ Qxf6 6. Bc4 Bd6 7. d3 h6 8.
Nd2 Qg6 9. Qf3 Nc6 10. c3 O-O 11. Ne4 Kh8 12. Nxd6 cxd6 13. O-O f5 14. Bd5 f4
15. Be4 Qg5 16. Bd2 Bg4 17. Bxc6 Bxf3 18. Bxf3 Rad8 19. Rae1 d5 20. Re2 Rfe8
21. Rfe1 Qf5 22. h3 Qxd3 23. Bc1 Qf5 24. Bg4 Qf6 25. f3 g6 26. h4 h5 27. Bh3 e4
28. b3 Qxh4 29. Bb2 Kh7 30. c4 e3 31. cxd5 Rxd5 32. Kf1 Red8 33. Be6 Rd2 34.
Bc4 Qh1# {Normal} 0-1

[Event "Rated Blitz game"]
[Site "?"]
[Date "2021.04.09"]
[Round "?"]
[White "bingo95"]
[Black "KamranShirazi"]
[Result "1-0"]
[WhiteElo "2523"]
[BlackElo "2542"]
[PlyCount "61"]
[EventDate "2021.??.??"]
[EventType "blitz"]

1. e4 e5 2. Nf3 d5 3. d4 dxe4 4. Nxe5 Nd7 5. Nxd7 Bxd7 6. Bf4 Bd6 7. Bxd6 cxd6
8. Bc4 Nf6 9. Nc3 d5 10. Bb3 a5 11. a4 Bc6 12. h3 O-O 13. Qd2 Re8 14. g4 Qd7
15. Rg1 e3 16. fxe3 Ne4 17. Nxe4 Rxe4 18. O-O-O Bxa4 19. Bxa4 Qxa4 20. Kb1 Rc8
21. Rgf1 Rxe3 22. Qxe3 Qxc2+ 23. Ka1 g6 24. Qf2 Qa4+ 25. Kb1 Rc7 26. Rc1 Rxc1+
27. Rxc1 Kg7 28. Qf4 h6 29. h4 Qb5 30. Rc7 Qe8 31. Qe5+ {Normal} 1-0

[Event "Rated Blitz tournament BL4jA8rX"]
[Site "?"]
[Date "2021.04.09"]
[Round "?"]
[White "Russian_monster"]
[Black "dr_xStranger"]
[Result "1-0"]
[WhiteElo "2529"]
[BlackElo "2527"]
[PlyCount "47"]
[EventDate "2021.??.??"]
[EventType "blitz"]

1. e4 e5 2. Nf3 d5 3. Nxe5 Bd6 4. d4 dxe4 5. Nc4 Nf6 6. Nc3 O-O 7. Bg5 h6 8.
Bxf6 Qxf6 9. Ne3 Re8 10. Be2 Qg6 11. Ncd5 Nc6 12. Qd2 f5 13. g3 Be6 14. O-O-O
Qf7 15. b3 Kh8 16. Nc3 Rad8 17. Kb1 Ba3 18. Nb5 Bf8 19. d5 Qf6 20. Qc3 Qxc3 21.
Nxc3 Bb4 22. Nb5 a6 23. Nxc7 Bg8 24. Nxe8 {Normal} 1-0

[Event "Rated Blitz game"]
[Site "?"]
[Date "2021.04.09"]
[Round "?"]
[White "SevanB"]
[Black "KamranShirazi"]
[Result "0-1"]
[WhiteElo "2537"]
[BlackElo "2508"]
[PlyCount "104"]
[EventDate "2021.??.??"]
[EventType "blitz"]

1. e4 e5 2. Nf3 d5 3. d4 dxe4 4. Nxe5 Nd7 5. Bf4 Nxe5 6. Bxe5 Nf6 7. Nc3 Bb4 8.
Bc4 O-O 9. O-O Bxc3 10. bxc3 Nd5 11. Qd2 Be6 12. Bb3 a5 13. c4 Ne7 14. d5 Bf5
15. c5 a4 16. Bc4 Ng6 17. Bc3 b6 18. cxb6 cxb6 19. d6 Ra7 20. Rfd1 Qc8 21. Bb5
Bd7 22. Qd4 f6 23. Bc4+ Be6 24. Bxe6+ Qxe6 25. Bb4 Rb7 26. Qd5 Qxd5 27. Rxd5
Nf4 28. Rd2 Rd8 29. Re1 f5 30. f3 exf3 31. gxf3 Kf7 32. Rd4 Ne6 33. Rd5 g6 34.
Rde5 Re8 35. c4 Ng7 36. c5 bxc5 37. Bxc5 Rxe5 38. Rxe5 Ne6 39. a3 Nxc5 40. Rxc5
Ke6 41. Ra5 Kxd6 42. Rxa4 Rb2 43. Ra7 Ke5 44. Rxh7 Rb3 45. Kg2 Rxa3 46. Kg3 g5
47. Rf7 g4 48. Re7+ Kf6 49. Re8 Rxf3+ 50. Kg2 Ra3 51. Rf8+ Kg5 52. Rg8+ Kf4 {
Normal} 0-1

[Event "Rated Blitz game"]
[Site "?"]
[Date "2021.04.09"]
[Round "?"]
[White "bingo95"]
[Black "KamranShirazi"]
[Result "0-1"]
[WhiteElo "2522"]
[BlackElo "2542"]
[PlyCount "42"]
[EventDate "2021.??.??"]
[EventType "blitz"]

1. e4 e5 2. Nf3 d5 3. d4 dxe4 4. Nxe5 Nd7 5. Bf4 Nxe5 6. Bxe5 Nf6 7. Bc4 Bd6 8.
Qe2 O-O 9. O-O Re8 10. Rd1 Bg4 11. f3 exf3 12. gxf3 Bh5 13. c3 Nd7 14. Na3 Nxe5
15. dxe5 Rxe5 16. Qxe5 Bxe5 17. Rxd8+ Rxd8 18. Re1 Bd6 19. Nb5 Bc5+ 20. Kg2
Rd2+ 21. Kg3 Bf2+ {Normal} 0-1

[Event "Rated Blitz game"]
[Site "?"]
[Date "2021.04.09"]
[Round "?"]
[White "TeliTmas"]
[Black "KamranShirazi"]
[Result "0-1"]
[WhiteElo "2565"]
[BlackElo "2508"]
[PlyCount "106"]
[EventDate "2021.??.??"]
[EventType "blitz"]

1. e4 e5 2. Nf3 d5 3. exd5 e4 4. Qe2 Nf6 5. Nc3 Be7 6. Nxe4 Nxd5 7. Nc3 Nf4 8.
Qe4 Ng6 9. d4 O-O 10. Bd3 Nc6 11. Be3 Nb4 12. O-O f5 13. Qxe7 Qxe7 14. Bg5 Qd6
15. Bc4+ Be6 16. d5 Bf7 17. Rad1 a6 18. a3 Nxc2 19. Rd2 b5 20. Bb3 h6 21. Bh4
Nxh4 22. Nxh4 Nxa3 23. bxa3 Qf4 24. Nf3 c5 25. Ne2 Qd6 26. Bc2 c4 27. Bxf5 Qxa3
28. Ned4 Bxd5 29. Nc2 Qc5 30. Nh4 Rxf5 31. Nxf5 Bxg2 32. Kxg2 Qxf5 33. Ne3 Qe4+
34. Kg1 c3 35. Rd7 Rc8 36. Rc1 b4 37. Kf1 b3 38. Ke2 b2 39. Rg1 Qe5 40. Kd3 c2
41. Nxc2 Qc3+ 42. Ke4 Qxc2+ 43. Ke5 Qc3+ 44. Ke6 b1=Q 45. Rxb1 Re8+ 46. Kd6
Qd4+ 47. Kc7 Qc5+ 48. Kb7 Qc8+ 49. Ka7 Qxd7+ 50. Rb7 Qd4+ 51. Kxa6 Ra8+ 52. Kb5
Ra4 53. Kc6 Rb4 {Time forfeit} 0-1

[Event "Rated Blitz game"]
[Site "?"]
[Date "2021.04.09"]
[Round "?"]
[White "alitaptap0220"]
[Black "King_bg03"]
[Result "0-1"]
[WhiteElo "2549"]
[BlackElo "2583"]
[PlyCount "82"]
[EventDate "2021.??.??"]
[EventType "blitz"]

1. e4 e5 2. Nf3 d5 3. exd5 e4 4. Qe2 Nf6 5. d3 Qxd5 6. Nfd2 Bg4 7. f3 Be6 8.
Nxe4 Be7 9. Nbc3 Qh5 10. g4 Qh4+ 11. Qf2 Nxe4 12. Nxe4 Nc6 13. Be3 Nb4 14. Qxh4
Bxh4+ 15. Kd2 O-O-O 16. a3 Nd5 17. c4 Nxe3 18. Kxe3 f5 19. gxf5 Bxf5 20. Rg1
Bxe4 21. fxe4 Bf6 22. Rg2 Bd4+ 23. Kd2 Bxb2 24. Ra2 Bd4 25. Kc2 Rhf8 26. Be2
Rf4 27. a4 a5 28. Kb3 Rdf8 29. Rc2 c5 30. Ka2 Kc7 31. Kb3 Rf2 32. Rxf2 Rxf2 33.
Bg4 Rf1 34. h4 Rb1+ 35. Ka2 Ra1+ 36. Kb3 Rg1 37. Be6 Rg3 38. Rd2 Kd6 39. Bd5 b6
40. Kc2 Rg1 41. Rg2 Rxg2+ {Normal} 0-1

[Event "Rated Blitz tournament BL4jA8rX"]
[Site "?"]
[Date "2021.04.09"]
[Round "?"]
[White "kintoho"]
[Black "dr_xStranger"]
[Result "0-1"]
[WhiteElo "2504"]
[BlackElo "2523"]
[PlyCount "60"]
[EventDate "2021.??.??"]
[EventType "blitz"]

1. e4 e5 2. Nf3 d5 3. d3 dxe4 4. dxe4 Qxd1+ 5. Kxd1 Nc6 6. c3 Bg4 7. Kc2 Bxf3
8. gxf3 O-O-O 9. Nd2 Nf6 10. Nb3 Bd6 11. Be3 Nh5 12. Rd1 Nf4 13. Nc5 Bxc5 14.
Rxd8+ Rxd8 15. Bxc5 Kd7 16. Bh3+ Nxh3 17. Rd1+ Ke8 18. Rd5 b6 19. Be3 Rxd5 20.
exd5 Ne7 21. c4 Nf4 22. Bxf4 exf4 23. b4 Kd7 24. Kd3 c6 25. Kd4 cxd5 26. cxd5
Kd6 27. b5 Nxd5 28. Ke4 Nc3+ 29. Kxf4 Nxb5 30. Kf5 Nc3 {Normal} 0-1

[Event "Rated Blitz game"]
[Site "?"]
[Date "2021.04.09"]
[Round "?"]
[White "taras05"]
[Black "KamranShirazi"]
[Result "0-1"]
[WhiteElo "2482"]
[BlackElo "2503"]
[PlyCount "136"]
[EventDate "2021.??.??"]
[EventType "blitz"]

1. e4 e5 2. Nf3 d5 3. Nxe5 Bd6 4. d4 dxe4 5. Nc3 Bxe5 6. dxe5 Qxd1+ 7. Kxd1 Bf5
8. Bb5+ c6 9. Bc4 Nd7 10. Bf4 Ne7 11. e6 fxe6 12. Ke2 Nd5 13. Bd2 Ne5 14. Bb3
O-O-O 15. h3 h5 16. Rad1 g5 17. Bxg5 Nxc3+ 18. bxc3 Rxd1 19. Kxd1 Rg8 20. h4
Nf7 21. Ke2 Nxg5 22. hxg5 Rxg5 23. g3 Bg4+ 24. Ke3 Kd7 25. Kxe4 Rf5 26. f4 Kd6
27. Rh2 c5 28. Rd2+ Ke7 29. a4 b6 30. Bc4 Rf8 31. Bb5 Kf6 32. Rd7 Rf7 33. Rxf7+
Kxf7 34. Ke5 Ke7 35. Bd3 Kf7 36. f5 exf5 37. Bxf5 Bd1 38. Bd3 Kg7 39. Kf5 c4
40. Bxc4 Bxc2+ 41. Kg5 Bxa4 42. Kxh5 a5 43. Kg5 Bc2 44. Ba2 a4 45. Kf4 Bb3 46.
Bb1 a3 47. Ke5 a2 48. Bxa2 Bxa2 49. Kd4 b5 50. Kc5 Bc4 51. Kd4 Kf6 52. Ke4 Kg5
53. Kf3 Kf5 54. Ke3 Kg5 55. Kf3 Kf5 56. Ke3 Kg4 57. Kf2 Bd5 58. Ke3 Kxg3 59.
Kd4 Bc4 60. Ke3 Kg4 61. Kd2 Kf3 62. Kc2 Ke3 63. Kb2 Kd2 64. Ka3 Kd3 65. Kb4 Kc2
66. Ka3 Kc1 67. Kb4 Kb2 68. Kc5 Kxc3 {Normal} 0-1

[Event "Rated Blitz game"]
[Site "?"]
[Date "2021.04.09"]
[Round "?"]
[White "Tanatov_2006"]
[Black "KamranShirazi"]
[Result "1/2-1/2"]
[WhiteElo "2440"]
[BlackElo "2506"]
[PlyCount "132"]
[EventDate "2021.??.??"]
[EventType "blitz"]

1. e4 e5 2. Nf3 d5 3. Nxe5 Bd6 4. d4 dxe4 5. Bc4 Bxe5 6. dxe5 Qxd1+ 7. Kxd1
Bg4+ 8. Be2 Bxe2+ 9. Kxe2 Nc6 10. Bf4 Nd4+ 11. Kd1 O-O-O 12. Nd2 Ne6 13. Be3 f5
14. exf6 gxf6 15. c3 f5 16. g3 Nf6 17. Kc2 Ng4 18. h3 Nxe3+ 19. fxe3 Rhg8 20.
Rhg1 Ng5 21. h4 Nf7 22. Raf1 Nh6 23. Nc4 Kd7 24. Rf4 Ke6 25. a4 b6 26. Rf2 Rd5
27. b4 a6 28. Kb3 Ng4 29. Re2 b5 30. Na3 Rgd8 31. Nc2 c5 32. bxc5 Rxc5 33. Nd4+
Kf6 34. a5 Rdc8 35. Rc1 Rc4 36. Rcc2 R8c5 37. Rc1 Nxe3 38. Rxe3 Rxd4 39. Rf1
Rdc4 40. g4 h6 41. Rf4 Re5 42. gxf5 h5 43. Kc2 b4 44. Kb3 Rxc3+ 45. Rxc3 bxc3
46. Kxc3 e3 47. Rf1 e2 48. Re1 Kxf5 49. Kd3 Kg4 50. Rxe2 Rxe2 51. Kxe2 Kxh4 52.
Kf3 Kg5 53. Kg3 Kf5 54. Kh4 Ke5 55. Kxh5 Kd5 56. Kg4 Kc5 57. Kf3 Kb4 58. Ke2
Kxa5 59. Kd2 Kb4 60. Kc2 Ka3 61. Kb1 Kb3 62. Ka1 a5 63. Kb1 a4 64. Ka1 a3 65.
Kb1 a2+ 66. Ka1 Ka3 {Normal} 1/2-1/2

[Event "Rated Blitz tournament BL4jA8rX"]
[Site "?"]
[Date "2021.04.09"]
[Round "?"]
[White "Lynxinner"]
[Black "dr_xStranger"]
[Result "1-0"]
[WhiteElo "2580"]
[BlackElo "2533"]
[PlyCount "33"]
[EventDate "2021.??.??"]
[EventType "blitz"]

1. e4 e5 2. Nf3 d5 3. Nc3 dxe4 4. Nxe4 Nc6 5. Bb5 Nf6 6. Bxc6+ bxc6 7. Nxf6+
Qxf6 8. O-O Bd6 9. h3 e4 10. Re1 Bf5 11. d3 O-O 12. dxe4 Rad8 13. Bg5 Bh2+ 14.
Kxh2 Rxd1 15. Bxf6 Rxa1 16. Rxa1 Bxe4 17. Bc3 {Normal} 1-0

[Event "Rated Blitz game"]
[Site "?"]
[Date "2021.04.09"]
[Round "?"]
[White "Ar4uha"]
[Black "jsequera"]
[Result "1-0"]
[WhiteElo "2517"]
[BlackElo "2517"]
[PlyCount "119"]
[EventDate "2021.??.??"]
[EventType "blitz"]

1. e4 e5 2. Nf3 d5 3. exd5 e4 4. Qe2 f5 5. d3 Nf6 6. Nc3 Bb4 7. Bg5 O-O 8. dxe4
fxe4 9. Nd2 Bxc3 10. bxc3 Qxd5 11. Qc4 Be6 12. Qxd5 Bxd5 13. O-O-O Nc6 14. Be2
Ne5 15. h3 a6 16. Kb2 b5 17. Bf4 Rae8 18. Rhe1 c6 19. Bf1 Nh5 20. Be3 Nf4 21.
g3 Nfg6 22. Bc5 Rf7 23. Nxe4 Bxe4 24. Rxe4 Rc8 25. h4 Nd7 26. Be3 Nf6 27. Re6
Ng4 28. f4 Nf8 29. Re4 Nd7 30. Bh3 h5 31. Bxg4 hxg4 32. Bd4 c5 33. Be5 Nb6 34.
Kb3 a5 35. h5 a4+ 36. Kb2 Nc4+ 37. Kc1 Re8 38. Rd5 Nb6 39. Rxc5 Nd7 40. Rxb5
Rf5 41. Rd4 Nxe5 42. Rxe5 Rfxe5 43. fxe5 Rxe5 44. Rxa4 Rxh5 45. Rxg4 Ra5 46.
Kb2 Kf7 47. a4 Kf6 48. Kb3 Ra7 49. Rb4 Kf5 50. g4+ Kg5 51. Rc4 Kh4 52. Kb4 Rb7+
53. Ka5 Rb2 54. Ka6 Rxc2 55. a5 Rb2 56. Ka7 g5 57. a6 Rb3 58. Ka8 Rb6 59. a7
Rb5 60. Rb4 {Normal} 1-0